| 000 | 00658nam a2200229Ia 4500 | ||
|---|---|---|---|
| 003 | OSt | ||
| 005 | 20221007082126.0 | ||
| 006 | a|||||r|||| 00| 0 | ||
| 007 | ta | ||
| 008 | 221006b |||||||| |||| 00| 0 eng d | ||
| 024 | _a19,468 | ||
| 037 | _cTextual | ||
| 040 |
_aFLL _cFLL _beng |
||
| 041 |
_2eng _aeng |
||
| 082 | _aZ1v541, G4 | ||
| 100 | _aScott James Brown | ||
| 245 | 0 | _aSpanish conception of international law and of sanctions | |
| 260 |
_aWashington _bCarnegie Endowment for International Peace Washington _c1934 |
||
| 300 |
_a131p _ccm. |
||
| 942 |
_hZ1v541, G4 _cTEXL _2CC |
||
| 999 |
_c1165378 _d1165378 |
||